| 000 | 00546nam a22001817a 4500 | ||
|---|---|---|---|
| 005 | 20251108174835.0 | ||
| 008 | 250721s2009 xx 000 0 ara d | ||
| 082 | 1 | 4 | _aم/216.532/مرس |
| 100 | 1 | _aمرسي، محمد سعيد | |
| 245 | 1 | 0 | _aفن تربية الأولاد في الإسلام / |
| 264 | 1 |
_aمصر : _bالأندلس الجديدة، _c2009. |
|
| 300 | _aج1.. | ||
| 650 | 1 | 7 | _aرعاية الطفولة |
| 650 | 1 | 7 | _aالتربية |
| 650 | 1 | 7 | _aالتربية الإسلامية |
| 942 |
_2ddc _cREF |
||
| 999 |
_c119439 _d119439 |
||